Vista normal
Vista MARC
Entrada Nombre personal
Número de registros utilizados en: 2
001 - CONTROL NUMBER
- control field: 37552
003 - CONTROL NUMBER IDENTIFIER
- control field: OSt
005 - DATE AND TIME OF LATEST TRANSACTION
- control field: 20230328124503.0
008 - FIXED-LENGTH DATA ELEMENTS
- fixed length control field: 201025|| aca||aabn | a|a d
040 ## - CATALOGING SOURCE
- Original cataloging agency: OSt
- Transcribing agency: OSt
100 1# - HEADING--PERSONAL NAME
- Personal name: Simanca Sanjuan, Luz Myriam
670 ## - SOURCE DATA FOUND
- Source citation: Work cat.: (OSt): Simanca Sanjuan, Luz Myriam, Asesoria administrativa para el municipio de El Paso, Cesar, 1990.

